Revisión del género apistogramma regan 1913 : (Registro nro. 7680)

Detalles MARC
000 -CABECERA
Campo de control 01376nam a22002777a 4500
005 - FECHA Y HORA DE LA ULTIMA TRANSACCION
Campo de control 20200104041620.0
008 - ELEMENTOS DE LONGITUD FIJA—INFORMACION GENERAL
Campo de control 130220s2011 ck ab gr 00010 spa d
020 ## - ISBN
ISBN 9789588343648
040 ## - FUENTE DE CATALOGACIÓN
Agencia catalogadora original CO-BoIAVH
Agencia transcriptora CO-BoIAVH
041 0# - IDIOMA
Código de idioma para texto/pista de sonido o título separado Español
044 ## - PAÍS DE PUBLICACIÓN
País de publicación Colombia
082 04 - NUMERO DE CLASIFICACION DECIMAL DEWEY
Número de clasificación 597.74
Número del ítem M57r
100 1# - ASIENTO PRINCIPAL--NOMBRE PERSONAL
Nombre personal Mesa-S., Lina M.
245 10 - MENCION DE TITULO
Título Revisión del género apistogramma regan 1913 :
Parte restante del título (perciformes, cichlidae) en la cuenca del río Orinoco /
Mención de responsabilidad Lina M. Mesa S., Carlos Andrés Lasso Alcalá ; revisión Paula Sánchez-Duarte ; fotografías Anabel Rial ... [et al].
260 ## - PUBLICACION, DISTRIBUCION, ETC. (PIE DE IMPRENTA)
Lugar de publicación, distribución, etc. Bogotá
Nombre del editor, distribuidor, etc. Ministerio de Ambiente, Vivienda y Desarrollo Territorial :
-- Instituto de Investigación de Recursos Biológicos Alexander von Humboldt,
Fecha de publicación, distribución, etc. 2011.
300 ## - DESCRIPCION FISICA
Extensión 192 p. :
Otros detalles físicos il., mapa ;
Dimensiones 24 cm.
490 0# - MENCION DE SERIE
Mención de serie Serie recursos hidrobiológicos y pesqueros continentales de Colombia ;
Designación numérica/secuencial del volumen III
504 ## - NOTA DE BIBLIOGRAFIA, ETC.
Nota de bibliografía Incluye referencias bibliográficas
650 #4 - ASIENTO SECUNDARIO DE MATERIA - TERMINO TEMATICO
Término temático o nombre geográfico como elemento de entrada Peces de agua dulce
Subdivisión geográfica Cuenca del Río Orinoco (Colombia)
650 #4 - ASIENTO SECUNDARIO DE MATERIA - TERMINO TEMATICO
Término temático o nombre geográfico como elemento de entrada Apistogramma
Subdivisión general Clasificación
Subdivisión geográfica Cuenca del Río Orinoco (Colombia)
650 #4 - ASIENTO SECUNDARIO DE MATERIA - TERMINO TEMATICO
Término temático o nombre geográfico como elemento de entrada Apistogramma
Subdivisión general Identificación
Subdivisión geográfica Cuenca del Río Orinoco (Colombia)
650 #4 - ASIENTO SECUNDARIO DE MATERIA - TERMINO TEMATICO
Término temático o nombre geográfico como elemento de entrada Apistogramma
Subdivisión general Anatomía
Subdivisión geográfica Cuenca del Río Orinoco (Colombia)
700 1# - ASIENTO SECUNDARIO - NOMBRE PERSONAL
Nombre personal Lasso, Carlos A.
700 1# - ASIENTO SECUNDARIO - NOMBRE PERSONAL
Nombre personal Rial, Anabel,
Término de relación fot.
942 ## - ELEMENTOS ADICIONALES (KOHA)
Sistema de clasificación Dewey Decimal Classification
Tipo de ítem Impreso
Koha issues (borrowed), all copies 2
Existencias
Withdrawn status Lost status Sistema de Clasificación Damaged status No para préstamo Colección Ubicación Permanente Ubicación actual Fecha de adquisición Total Checkouts Número topográfico Inventario / Código de Barras Date last seen Date checked out Ejemplar Price effective from Forma de adquisición Tipo de material Inventariado Fuente de Valor Valor Fecha publicación (Año)
    Dewey Decimal Classification     Humboldt Bogotá Bogotá 25/09/2013 1 IAVH-597.74 M57r 028812 17/01/2014 17/01/2014 Ej. 1 25/09/2013 Institucional Libro        
    Dewey Decimal Classification     Humboldt Bogotá Bogotá 17/07/2015   IAVH-597.74 M57r 039140 17/07/2015   Ej. 4 17/07/2015 Institucional Libro   Institucional   2011
    Dewey Decimal Classification     Humboldt Sala Fabio Quevedo Sala Fabio Quevedo 23/07/2014 1 IAVH-597.74 M57r 028811 22/09/2017 22/09/2017 Ej. 2 23/07/2014 Institucional Libro Inventariado 2017 Instituto 39000.00  
    Dewey Decimal Classification     Humboldt Sala Fabio Quevedo Sala Fabio Quevedo 23/07/2014   IAVH-597.74 M57r 028823 23/07/2014   Ej. 3 23/07/2014 Institucional Libro Inventariado 2017 Instituto 39000.00